| 000 | 01052cam6a220026500 4500 | ||
|---|---|---|---|
| 001 | lce00633825 | ||
| 008 | 700802s1968 wiuch 000 0ceng | ||
| 010 | _a 68009020 //r85 | ||
| 020 | _c12.50 | ||
| 035 | _a(Sirsi) r123765 | ||
| 035 | _a(DLC) 68009020 //r85 | ||
| 035 | _a(UPRA)lce00633825 | ||
| 040 | _dUPRA | ||
| 041 | 0 | _aengfre | |
| 050 | 0 |
_aPQ2431.Z5 _bA22 |
|
| 082 | _a846/.6 | ||
| 100 | 1 |
_cMadame de q8.1..8.23 d8.1..32.10 _6A44246.1 |
|
| 245 | 1 | 0 |
_aDe Stael-Du Pont letters : _bcorrespondence of Madame de Stael and Pierre Samuel Du Pont de Nemours and of other members of the Necker and Du Pont families / _cedited and translated by James F. Marshall. |
| 260 |
_aMadison : _bUniversity of Wisconsin Press, _c1968. |
||
| 500 | _aEnglish and French. | ||
| 700 | 2 |
_aDu Pont de Nemours, Pierre Samuel, 1739-1817. _dDu Pont de Nemours, Pierre Samuel, 1739-1817. _6A91871.1 |
|
| 700 | 1 |
_aMarshall, James Fred, 1912- _dMarshall, James Fred, 1912- _6A91872.1 |
|
| 949 |
_aPQ2431.Z5 _wlcc _i-177937 _mMAIN _tBOOK _lON-SHELF |
||
| 004 | 123765 | ||
| 999 |
_c79981 _d79981 |
||